Women dictators/tyrants - Statistics

General Stats
  • This quiz has been taken 87 times
  • The average score is 4 of 10
Answer Stats
Hint Answer % Correct
Women dictators Indian prime minister who declared a state of emergency which gave her the powers to rule by decree, through which she is said to have greatly restricted press freedom, arrested political opponents and instigated controversial programmes such as forced sterilisation Indira Gandhi
91%
Brutal women monarchs Technically the second Queen Regnant of England after her predecessor whom she overthrew and executed, had a gory nickname thanks to her infamously brutal reintroduction of Catholicism into England, violently persecuted protestants through burning at the stake and other methods Mary I
74%
Women dictators Widow of Filipino dictator, known as the 'Steel Butterfly', infamous for her mind-meltingly immense collection of shoes and other lavish clothes at the expense of the people, but after being exiled she returned to Philippines and was actually elected as a congressman with a substantial majority vote Imelda Marcos
65%
Brutal women monarchs The grandmother of the above, queen who famously funded Columbus' trips to the New World, was influential in unifying the kingdom of Spain at the expense of Iberian Muslims (Moors) 100,000 of whom were killed and many more evicted, along with Jews under the Alhambra decree Isabella I of Castille
62%
Brutal women monarchs Powerful and influential Hungarian countess, possibly the most prolific serial killer of all time, was found guilty of kidnapping and horribly murdering virgin girls in order to bathe in their blood Elizabeth Bathory
27%
Women dictators Deputy prime minister and First Lady of Romania, was a twin dictator with her husband, she had endless wardrobes full of fur coats and gowns while her people endured abject poverty, created the disastrous 'Decree 770' which created a whole generation of orphans, and was responsible for brutal military subjugation of mostly Hungarian protestors Elena Ceaușescu
26%
Women dictators Wife of Chariman Mao, was the spearhead of the Cultural Revolution which was a persecution of intellectuals, capitalists and political rivals, which strengthened Mao's cult of personality and killed untold millions in the process, she personally ordered the secret murders of political rivals and their relatives, and created the 'Gang of Four' which sought to acquire power after Mao's death Jiang Qing
19%
Brutal women monarchs The only woman Emperor in China's 5,000 year history, had a secret police that is meant to have falsely accused many political rivals listed on a 'Manual of Accusation', and tortured them brutally Wu Zetian
19%
Women dictators The first woman president in the world, her government used federal intervention powers to purge 'Subversives' from universities and the government, Anti-Terrorism laws eroded constitutional rights and allowed armed forces to "annihilate subversive elements throughout the country", and she was eventually arrested and exiled for forced disappearances during 'State terrorism genocide' Isabel Perón
12%
Brutal women monarchs The 'Mad Monarch of Madagascar', a peasant girl who became queen by chance, fiercely opposed Christianity and European influence, brutally persecuted converts and missionaries, tried people with the agonising 'Tangena' trial, and supposedly caused the population to halve in a few short years, either through execution or exodus Ranavalona I
8%
No matching quizzes found
Score Distribution
Percent of People with Each Score
Percentile by Number Answered
Your Score History
You have not taken this quiz